|
|
|
|
| LEADER |
00000nam a2200000 i 4500 |
| 001 |
DIGDYK4291 |
| 003 |
NyNyDIG |
| 007 |
cr ||||||||||| |
| 008 |
251201s2025 sp ob 000 0 spa d |
| 006 |
m o d |
| 035 |
|
|
|a (OCoLC)1559560093
|
| 040 |
|
|
|a DGITA
|b eng
|e rda
|e pn
|c DGITA
|
| 020 |
|
|
|a 9791370065201
|q eBook
|
| 050 |
1 |
4 |
|a PN56.L ebook
|
| 245 |
0 |
0 |
|a Libros y leyes :
|b el derecho en las grandes obras de la literatura /
|c Alicia Duñaiturria Laguarda, Ma. Dolores Madrid Cruz (coords.).
|
| 264 |
|
1 |
|a Madrid :
|b Dykinson, S.L.,
|c [2025]
|
| 300 |
|
|
|a 1 online resource :
|b illustrations.
|
| 336 |
|
|
|a text
|b txt
|2 rdacontent
|
| 337 |
|
|
|a computer
|b c
|2 rdamedia
|
| 338 |
|
|
|a online resource
|b cr
|2 rdacarrier
|
| 347 |
|
|
|a text file
|2 rdaft
|
| 347 |
|
|
|b PDF
|
| 504 |
|
|
|a Includes bibliographical references.
|
| 588 |
0 |
|
|a Online resource; title from PDF title page (Digitalia, viewed December 1, 2025)
|
| 650 |
|
0 |
|a Law in literature.
|
| 700 |
1 |
|
|a Duñaiturria Laguarda, Alicia,
|e editor.
|
| 700 |
1 |
|
|a Madrid Cruz, María Dolores,
|e editor.
|
| 791 |
2 |
|
|a Digitalia (Firm),
|e distributor.
|
| 793 |
0 |
|
|g Digitalia eBook Collection:
|a Dykinson Editorial
|
| 856 |
4 |
0 |
|3 Digitalia Hispánica
|u https://www.digitaliapublishing.com/a/182468/
|
| 910 |
|
|
|a Premium collection: 2025
|